Handel wewnetrzny dwumiesiecznik

Salvato in:
Dettagli Bibliografici
Natura: Periodico
Lingua:polacco
Pubblicazione: Warszawa Wydawnictwo ekonomiczne 1991
Soggetti:
Tags: Aggiungi Tag
Nessun Tag, puoi essere il primo ad aggiungerne!!

MARC

LEADER 00000nas2a2200000 4500
001 s015189
005 20240109094335.8
022 |a 0438-5403 
041 0 |a pol 
044 |a PL 
245 1 0 |a Handel wewnetrzny  |b dwumiesiecznik 
264 1 |a Warszawa  |b Wydawnictwo ekonomiczne  |c 1991 
300 |a 1 zv. 
773 0 |w eu_un_cat*s120721 
610 2 0 |a obchod vnútorný